01011nam a2200313 a 4500001001000000003000500010005001700015008004100032010001100073011001100084040000900095082001700104100002700121245009500148260003100243300001100274590004100285590004000326590004000366650002600406650003200432650003500464650001900499901000700518942001000525942000600535999001900541952013700560000110356CHAP20220329144128.0140820s1994 xxk |r| ||||||eng d a106818 a107790 cCHAP04a581.634bL411 aLawless, Julia912790110aTea tree oil :bthe new guide to one of nature's most remarkable giftsbpor julia Lawless. aLondon :bThorsons,c1994. a130 p. aE11695DGDb10c20140826lUCH01h0919 aE5995AHEb05c20140820lUCH01h1342 aE5995AHEb05c20140820lUCH01h134314aAntisépticos.9607314aBotánica médica.91468014aMelaleuca alternifolia.97430214aSalud.9101807 aBK cLIBRO n0 c106818d106818 00102ddc4052708GRALaBCbBCcPA_GRALd2014-08-20fLIBROl0o581.634 L41p33724002350827r2019-12-31 00:00:00w2019-12-31yLIBRO